Cerita-Cerita Motivasi Untuk Hidup Tenteram dan Bahagia

Bibliographic Details
Other Authors: Iskandar Ali, Mohd. Najib
Format: Book
Published: Kuala Lumpur : Jasmin Enterprise , 2005
Subjects:

MARC

LEADER 00000cam a2200000 7i4500
001 0000013738
005 20080128.0
008 080128
020 |a 9833423027 
090 0 0 |a 297.18   |b CER 
245 1 0 |a Cerita-Cerita Motivasi Untuk Hidup Tenteram dan Bahagia   |c penyusun Iskandar Ali;Mohd. Najib 
260 |a Kuala Lumpur :   |b Jasmin Enterprise ,   |c 2005 
650 0 |a Motivation ( Psychology )   |x Islam   |x Short stories 
700 0 |a Iskandar Ali 
700 0 |a Mohd. Najib 
999 |a 0001008340   |b Book   |c Adult Collection   |e Perbadanan Perpustakaan Awam Johor 
999 |a 0001008341   |b Book   |c Adult Collection   |e Perbadanan Perpustakaan Awam Johor 
999 |a 0001008342   |b Book   |c Adult Collection   |e Perbadanan Perpustakaan Awam Johor